[Event "LTU Wch 2021"]
[Site "Vilnius"]
[Date "2021.10.24"]
[Round "4"]
[Board "3"]
[White "Ravlusevic, Evelina"]
[Black "Plutaite, Ausra"]
[Result "1/2-1/2"]
[WhiteElo "1717"]
[BlackElo "1472"]
[PlyCount "98"]
[EventDate "2021.10.22"]
[EventRounds "7"]
[EventCountry "LTU"]

1. d4 e6 2. Nf3 Nf6 3. g3 c5 4. c3 d5 5. Bg2 Bd6 6. dxc5 Bxc5 7. O-O O-O 8.
Nbd2 Nbd7 9. b4 Bb6 10. c4 a5 11. b5 Nc5 12. a4 Nfe4 13. Bb2 Ba7 14. Qc2 Qb6
15. e3 Qc7 16. cxd5 exd5 17. Nd4 Nxd2 18. Qxd2 Ne4 19. Qd3 Ng5 20. Bxd5 Bh3 21.
Bg2 Qd7 22. Bxh3 Qxh3 23. Qb3 Rad8 24. b6 Rd6 25. bxa7 Rh6 26. Rfd1 Qxh2+ 27.
Kf1 Ne4 28. Qc2 Rf6 29. f4 Qh3+ 30. Ke2 Qg2+ 31. Kd3 Nf2+ 32. Kd2 Nxd1+ 33.
Kxd1 Qxg3 34. Qe4 Qf2 35. Bc3 Rg6 36. Ne2 Rd8+ 37. Bd4 Rg2 38. Qd3 Qf1+ 39. Kd2
Rxe2+ 40. Qxe2 Qxa1 41. Qb5 Qa2+ 42. Ke1 Rc8 43. Qc5 Qb1+ 44. Ke2 Re8 45. Qxa5
Qc2+ 46. Kf3 Qe4+ 47. Kf2 Qc2+ 48. Kf3 Qe4+ 49. Kf2 Qc2+  1/2-1/2

[Event "LTU Wch 2021"]
[Site "Vilnius"]
[Date "2021.10.24"]
[Round "4"]
[Board "4"]
[White "Perminaite, Simona"]
[Black "Maciuityte, Greta"]
[Result "1-0"]
[WhiteElo "1497"]
[BlackElo "1770"]
[PlyCount "137"]
[EventDate "2021.10.22"]
[EventRounds "7"]
[EventCountry "LTU"]

1. e4 d5 2. exd5 Nf6 3. d4 Nxd5 4. Nf3 Bg4 5. Be2 Nc6 6. c4 Nb6 7. Nc3 e6 8.
Be3 Be7 9. O-O O-O 10. b3 Bf6 11. Ne4 Be7 12. h3 Bf5 13. Ng3 Bg6 14. Bd3 f5 15.
Ne2 Bf6 16. Rc1 e5 17. dxe5 Nxe5 18. Nxe5 Bxe5 19. Nf4 Bf7 20. Qc2 Qh4 21. g3
Qh6 22. Bxf5 g5 23. Ng2 Be6 24. Bxg5 Qxg5 25. Bxe6+ Kh8 26. Rcd1 Bd6 27. Bd5
Nd7 28. b4 Nf6 29. Qc3 Qh5 30. Nh4 Be5 31. Qf3 Qg5 32. Be6 Nh5 33. Qg4 Qh6 34.
Rd5 Nxg3 35. Rxe5 Nxf1 36. Kxf1 Qc1+ 37. Re1 Qd2 38. Qe2 Qh6 39. Qe5+ Rf6 40.
Ng2 Re8 41. Qd4 Qg7 42. Nf4 Ref8 43. Re4 b6 44. c5 bxc5 45. bxc5 h6 46. h4 Kh7
47. Nh3 Qg3 48. Qe3 Qg6 49. Bd5 Qf5 50. Re7+ Kh8 51. Be4 Qg4 52. Qb3 Rxf2+ 53.
Nxf2 Rxf2+ 54. Kxf2 Qxh4+ 55. Qg3 Qxe7 56. Qc3+ Kg8 57. Bd5+ Kh7 58. Qd3+ Kh8
59. Qd4+ Qg7 60. Qxg7+ Kxg7 61. Ke3 Kf6 62. Kd4 Kf5 63. Bg2 Kf6 64. Kd5 Ke7 65.
Kc6 Kd8 66. Kb7 a5 67. a4 h5 68. Bh3 h4 69. c6  1-0

[Event "LTU Wch 2021"]
[Site "Vilnius"]
[Date "2021.10.24"]
[Round "4"]
[Board "5"]
[White "Bajoraite, Rita"]
[Black "Maciulaityte, Barbora"]
[Result "1/2-1/2"]
[WhiteElo "1765"]
[BlackElo "1508"]
[PlyCount "100"]
[EventDate "2021.10.22"]
[EventRounds "7"]
[EventCountry "LTU"]

1. d4 d5 2. c4 e6 3. e3 a6 4. a3 dxc4 5. Bxc4 b5 6. Ba2 Bb7 7. Nf3 Nf6 8. Nc3
Nbd7 9. O-O Bd6 10. Re1 c5 11. e4 cxd4 12. Nxd4 Bc5 13. b4 Bb6 14. Be3 O-O 15.
Nb3 Rc8 16. Bxb6 Qxb6 17. Re3 Rfd8 18. Qe2 Rc7 19. Rd1 Rdc8 20. Qd2 Bxe4 21.
Nxe4 Rc2 22. Nxf6+ Nxf6 23. Qd4 Qxd4 24. Nxd4 Rxa2 25. Red3 h6 26. f4 Nd5 27.
f5 Nf4 28. R3d2 Rxa3 29. fxe6 Nxe6 30. Nxe6 fxe6 31. Rd6 Re8 32. Rd7 Rb3 33.
Ra7 Rxb4 34. h3 Kh7 35. Rdd7 Rg8 36. Rxa6 Re4 37. Re7 b4 38. Rb6 Rf8 39. Rbb7
Rg8 40. Rb6 e5 41. Kh2 Rf8 42. Rbb7 Kg6 43. Rxg7+ Kf5 44. Rh7 Rf6 45. Rb5 Rc6
46. Rhb7 Rcc4 47. R5b6 Rh4 48. Kg3 h5 49. Rf7+ Kg5 50. Rg7+ Kf5  1/2-1/2

[Event "LTU Wch 2021"]
[Site "Vilnius"]
[Date "2021.10.24"]
[Round "4"]
[Board "6"]
[White "Sukyte, Kotryna"]
[Black "Rauckyte, Kamile"]
[Result "1-0"]
[WhiteElo "1422"]
[BlackElo "1398"]
[PlyCount "49"]
[EventDate "2021.10.22"]
[EventRounds "7"]
[EventCountry "LTU"]

1. e4 e5 2. Nf3 Nc6 3. Bb5 a6 4. Bxc6 dxc6 5. Nc3 Qd6 6. d4 exd4 7. Qxd4 Bg4 8.
Qe5+ Qe7 9. Qg3 Bh5 10. Bf4 O-O-O 11. Qh3+ Kb8 12. Qxh5 f6 13. Nh4 g6 14. Nxg6
Qe8 15. Qa5 Bd6 16. Bxd6 Rxd6 17. Nxh8 Ne7 18. O-O Qxh8 19. Rad1 Ng6 20. Rxd6
cxd6 21. Rd1 Ne5 22. Rxd6 Kc8 23. Qc5 Kb8 24. Na4 Qg8 25. Qb6  1-0

[Event "LTU Wch 2021"]
[Site "Vilnius"]
[Date "2021.10.24"]
[Round "4"]
[Board "7"]
[White "Ratkeviciute, Laurinta"]
[Black "Alionyte, Patricija"]
[Result "1/2-1/2"]
[WhiteElo "1184"]
[BlackElo "1031"]
[PlyCount "80"]
[EventDate "2021.10.22"]
[EventRounds "7"]
[EventCountry "LTU"]

1. e4 e5 2. Nf3 Nc6 3. Bb5 Nf6 4. O-O Nxe4 5. Re1 Nd6 6. Bxc6 dxc6 7. Nxe5 Be7
8. h3 O-O 9. d3 Re8 10. Bf4 Bf6 11. c3 Bf5 12. Nf3 Rxe1+ 13. Nxe1 Qe7 14. Nd2
Re8 15. Ndf3 Qe2 16. Qxe2 Rxe2 17. Bd2 Re8 18. b3 Nb5 19. d4 Nd6 20. Bf4 h6 21.
Ne5 Nb5 22. Rc1 Bg5 23. Bxg5 hxg5 24. a4 Nd6 25. Nc2 f6 26. Nf3 a6 27. Ne3 g6
28. Nxf5 Nxf5 29. Re1 Kf7 30. Rxe8 Kxe8 31. Kf1 Ke7 32. Ke2 Ke6 33. Kd3 b5 34.
a5 Nd6 35. Nd2 Nb7 36. b4 Nd6 37. Nb3 Nb7 38. f3 f5 39. g3 Kd5 40. g4 f4
 1/2-1/2

[Event "LTU Wch 2021"]
[Site "Vilnius"]
[Date "2021.10.24"]
[Round "5"]
[Board "1"]
[White "Baliuniene, Margarita"]
[Black "Simkunaite, Gabija"]
[Result "1-0"]
[WhiteElo "1924"]
[BlackElo "1948"]
[PlyCount "83"]
[EventDate "2021.10.22"]
[EventRounds "7"]
[EventCountry "LTU"]

1. d4 f5 2. c4 Nf6 3. g3 g6 4. Bg2 Bg7 5. Nc3 d6 6. Nf3 O-O 7. Bg5 Qe8 8. Bxf6
Bxf6 9. Nd5 Na6 10. Nxf6+ Rxf6 11. O-O Kg7 12. e4 fxe4 13. Ng5 e3 14. fxe3
Rxf1+ 15. Qxf1 h6 16. Ne4 Rb8 17. a3 Be6 18. b4 c6 19. Rc1 Nc7 20. Qd3 Bf5 21.
Qc3 d5 22. Nd2 e6 23. e4 dxe4 24. d5+ e5 25. d6 Na6 26. Nxe4 Bxe4 27. Bxe4 Rd8
28. c5 Nb8 29. a4 Nd7 30. b5 Nf6 31. Bd3 Nd5 32. Qb2 Nf6 33. Re1 Nd7 34. Bc4
Rb8 35. Rf1 Nf6 36. Qf2 Qf8 37. Qe3 Qe8 38. Qf3 Qd8 39. bxc6 bxc6 40. Qxc6 Qa5
41. d7 Rf8 42. Qd6  1-0

[Event "LTU Wch 2021"]
[Site "Vilnius"]
[Date "2021.10.24"]
[Round "5"]
[Board "2"]
[White "Sibajeva, Marija"]
[Black "Plutaite, Ausra"]
[Result "1-0"]
[WhiteElo "1939"]
[BlackElo "1472"]
[PlyCount "67"]
[EventDate "2021.10.22"]
[EventRounds "7"]
[EventCountry "LTU"]

1. e4 e6 2. d4 d5 3. Nd2 Nf6 4. e5 Nfd7 5. Bd3 b6 6. Qe2 c5 7. c3 Nc6 8. Ndf3
cxd4 9. cxd4 Bb4+ 10. Bd2 Qe7 11. Rc1 Bxd2+ 12. Qxd2 Nb4 13. Bb1 a5 14. a3 Na6
15. Qc2 Bb7 16. Ne2 f6 17. exf6 Nxf6 18. O-O O-O 19. Ng5 h6 20. Nf3 Rac8 21.
Nc3 Ne4 22. Ne5 Qg5 23. Nd7 Rf7 24. Nxe4 dxe4 25. Qxc8+ Bxc8 26. Rxc8+ Kh7 27.
Bxe4+ g6 28. Nf8+ Rxf8 29. Rxf8 Qe7 30. Ra8 Nc7 31. Ra7 Kg8 32. Rc1 Qh4 33.
Rcxc7 Qd8 34. Ra8  1-0

[Event "LTU Wch 2021"]
[Site "Vilnius"]
[Date "2021.10.24"]
[Round "5"]
[Board "3"]
[White "Perminaite, Guoda"]
[Black "Ravlusevic, Evelina"]
[Result "1/2-1/2"]
[WhiteElo "1727"]
[BlackElo "1717"]
[PlyCount "51"]
[EventDate "2021.10.22"]
[EventRounds "7"]
[EventCountry "LTU"]

1. e4 c5 2. Nf3 e6 3. d4 cxd4 4. Nxd4 a6 5. Nc3 Qc7 6. g3 Nf6 7. Bg2 Bb4 8. Bd2
O-O 9. O-O Be7 10. Qe2 Nc6 11. Nxc6 dxc6 12. e5 Nd5 13. Rfe1 b5 14. a3 Bb7 15.
Qg4 Kh8 16. Rad1 Rad8 17. Qh5 Nxc3 18. Bxc3 Rxd1 19. Rxd1 c5 20. Bxb7 Qxb7 21.
Qe2 Qc7 22. Qe4 Kg8 23. h4 a5 24. b3 c4 25. b4 axb4 26. Bxb4  1/2-1/2

[Event "LTU Wch 2021"]
[Site "Vilnius"]
[Date "2021.10.24"]
[Round "5"]
[Board "4"]
[White "Perminaite, Simona"]
[Black "Bajoraite, Rita"]
[Result "1-0"]
[WhiteElo "1497"]
[BlackElo "1765"]
[PlyCount "65"]
[EventDate "2021.10.22"]
[EventRounds "7"]
[EventCountry "LTU"]

1. e4 g6 2. d4 Bg7 3. Nc3 d6 4. h3 Nd7 5. Be3 a6 6. f4 c5 7. Nf3 cxd4 8. Nxd4
e5 9. Nf3 exf4 10. Bxf4 Bxc3+ 11. bxc3 Qe7 12. Qd4 Ngf6 13. Bd3 d5 14. O-O Qc5
15. Qxc5 Nxc5 16. Be5 Ncd7 17. exd5 Nxe5 18. Nxe5 Bf5 19. Bxf5 gxf5 20. c4 Rf8
21. Rae1 O-O-O 22. Rxf5 Nxd5 23. cxd5 Rxd5 24. Rxf7 Rg8 25. Nd3 Rdg5 26. Re2 h5
27. Rh7 Ra5 28. c3 Rd5 29. Nf4 Rd1+ 30. Kh2 Rc1 31. Nd5 Rd8 32. Nb6+ Kb8 33.
Ree7  1-0

[Event "LTU Wch 2021"]
[Site "Vilnius"]
[Date "2021.10.24"]
[Round "5"]
[Board "5"]
[White "Maciulaityte, Barbora"]
[Black "Sukyte, Kotryna"]
[Result "1/2-1/2"]
[WhiteElo "1508"]
[BlackElo "1422"]
[PlyCount "102"]
[EventDate "2021.10.22"]
[EventRounds "7"]
[EventCountry "LTU"]

1. e4 Nf6 2. e5 Nd5 3. d4 d6 4. Nf3 g6 5. Bc4 Nb6 6. Bb3 Bg7 7. O-O O-O 8. h3
dxe5 9. dxe5 Qxd1 10. Rxd1 Nc6 11. Bf4 Na5 12. Nc3 Nxb3 13. axb3 Be6 14. Nb5 a6
15. Nxc7 Rac8 16. Nxe6 fxe6 17. Bg5 Rxc2 18. Bxe7 Re8 19. Ba3 Re2 20. Re1 Rxe1+
21. Rxe1 Nd5 22. Rc1 Bh6 23. Rc2 Bg7 24. Bd6 h6 25. Nd2 Ra8 26. Ne4 b6 27. Rc6
Kh8 28. Nc3 Nf4 29. Rxb6 Nd3 30. Ba3 Nxe5 31. Rxe6 g5 32. Kf1 a5 33. Ke2 Kh7
34. Ke3 Ng6 35. g3 Rb8 36. Ra6 Rxb3 37. Rxa5 Ne5 38. Rc5 Kg6 39. Ke4 Nd7 40.
Rb5 Rxb5 41. Nxb5 Nf6+ 42. Kd3 Kf5 43. Nd4+ Ke5 44. b4 Bf8 45. Bb2 Kd5 46. b5
Ne4 47. Ke3 Bc5 48. g4 Bb6 49. f3 Nd6 50. Kd3 Nc4 51. Bc3 Ne5+  1/2-1/2

[Event "LTU Wch 2021"]
[Site "Vilnius"]
[Date "2021.10.24"]
[Round "5"]
[Board "6"]
[White "Maciuityte, Greta"]
[Black "Ratkeviciute, Laurinta"]
[Result "1-0"]
[WhiteElo "1770"]
[BlackElo "1184"]
[PlyCount "87"]
[EventDate "2021.10.22"]
[EventRounds "7"]
[EventCountry "LTU"]

1. e4 e5 2. Nf3 Nc6 3. d4 exd4 4. Bc4 Nf6 5. Nxd4 Nxe4 6. Bxf7+ Kxf7 7. Qh5+ g6
8. Qd5+ Kg7 9. Nxc6 bxc6 10. Qxe4 Ba6 11. Qd4+ Kg8 12. Be3 Bg7 13. Qa4 Bb5 14.
Qb3+ d5 15. Na3 Ba6 16. Qa4 Bxb2 17. Qxa6 Bxa1 18. O-O Bf6 19. Qxc6 Kg7 20. Bf4
Re8 21. Nb5 Re4 22. Nxc7 Rc8 23. Ne6+ Kh8 24. Nxd8 Rxc6 25. Nxc6 Rxf4 26. g3
Ra4 27. Rd1 Rxa2 28. Rxd5 Rxc2 29. Nxa7 Rc7 30. Nb5 Re7 31. Na3 Re5 32. Rd7 Re7
33. Rd1 Ra7 34. Rd3 Be7 35. Nc4 Rc7 36. Ne5 Bf6 37. Ng4 Rc4 38. Nxf6 Kg7 39.
Nd7 h5 40. Rd6 Rc1+ 41. Kg2 Ra1 42. Ne5 g5 43. Rg6+ Kh7 44. Rxg5  1-0

[Event "LTU Wch 2021"]
[Site "Vilnius"]
[Date "2021.10.24"]
[Round "5"]
[Board "7"]
[White "Rauckyte, Kamile"]
[Black "Alionyte, Patricija"]
[Result "1-0"]
[WhiteElo "1398"]
[BlackElo "1031"]
[PlyCount "159"]
[EventDate "2021.10.22"]
[EventRounds "7"]
[EventCountry "LTU"]

1. d4 d5 2. Nf3 Nf6 3. c4 e6 4. Nc3 c6 5. e3 Nbd7 6. Bd3 Bb4 7. O-O O-O 8. Bd2
Bd6 9. Rc1 a6 10. Re1 b5 11. cxd5 exd5 12. e4 dxe4 13. Nxe4 Qc7 14. Qc2 Bb7 15.
Bg5 Nxe4 16. Bxe4 h6 17. Be3 Rac8 18. Qd2 Qd8 19. Bxh6 g6 20. Bxf8 Nxf8 21. Qh6
Nh7 22. Qe3 Qf6 23. b3 Bf4 24. Qd3 Bxc1 25. Rxc1 Qd6 26. Qb1 Re8 27. Re1 Kg7
28. Qc1 f5 29. Bb1 Rxe1+ 30. Qxe1 Kf8 31. Qe5 Qxe5 32. Nxe5 Kg7 33. Kf1 Ng5 34.
Ke2 Ne6 35. Nf3 c5 36. dxc5 Bxf3+ 37. Kxf3 Nxc5 38. Kf4 Kf6 39. h3 g5+ 40. Ke3
Ke5 41. g3 Ne6 42. a4 Nc5 43. f4+ gxf4+ 44. gxf4+ Ke6 45. axb5 axb5 46. Bc2 Na6
47. Kd4 Nc7 48. b4 Na6 49. Kc3 Nc7 50. Bb3+ Kd6 51. h4 Ne8 52. h5 Ke7 53. h6
Kf6 54. Bc2 Nd6 55. h7 Kg7 56. h8=Q+ Kxh8 57. Kd4 Kg7 58. Kc5 Ne4+ 59. Bxe4
fxe4 60. Kd4 e3 61. Kxe3 Kf6 62. Ke4 Ke6 63. f5+ Kf6 64. Kd5 Kxf5 65. Kc5 Ke6
66. Kxb5 Kd7 67. Ka6 Kc7 68. Ka7 Kc6 69. Ka6 Kc7 70. b5 Kb8 71. Kb6 Ka8 72. Kc7
Ka7 73. b6+ Ka6 74. b7 Ka5 75. b8=Q Ka4 76. Kc6 Ka3 77. Kc5 Ka2 78. Kc4 Ka1 79.
Kc3 Ka2 80. Qb2#  1-0

[Event "LTU Wch 2021"]
[Site "Vilnius"]
[Date "2021.10.25"]
[Round "6"]
[Board "1"]
[White "Sibajeva, Marija"]
[Black "Baliuniene, Margarita"]
[Result "1-0"]
[WhiteElo "1939"]
[BlackElo "1924"]
[PlyCount "77"]
[EventDate "2021.10.22"]
[EventRounds "7"]
[EventCountry "LTU"]

1. e4 c5 2. Nf3 Nc6 3. Bb5 g6 4. O-O Bg7 5. Re1 e5 6. d3 Qc7 7. c3 Nge7 8. Be3
d6 9. d4 cxd4 10. cxd4 O-O 11. Nc3 Bg4 12. Bxc6 Nxc6 13. Nd5 Qd7 14. dxe5 Nxe5
15. Nxe5 Bxe5 16. Qd2 Be6 17. Bh6 Rfe8 18. f4 Bh8 19. Ne3 Rac8 20. f5 Bc4 21.
b3 Bb5 22. Nd5 Bc6 23. Rad1 Bxd5 24. Qxd5 Be5 25. Rf1 Qc6 26. Qd3 Qc5+ 27. Kh1
Qc2 28. Qd5 Qc6 29. Qd3 Qc2 30. Qf3 Rc3 31. Qg4 Re7 32. Rd2 Rec7 33. Rxc2 Rxc2
34. Qg5 f6 35. fxg6 Kh8 36. g7+ Kg8 37. Qh5 Rc8 38. Qd1 R2c5 39. b4  1-0

[Event "LTU Wch 2021"]
[Site "Vilnius"]
[Date "2021.10.25"]
[Round "6"]
[Board "2"]
[White "Simkunaite, Gabija"]
[Black "Perminaite, Simona"]
[Result "1-0"]
[WhiteElo "1948"]
[BlackElo "1497"]
[PlyCount "53"]
[EventDate "2021.10.22"]
[EventRounds "7"]
[EventCountry "LTU"]

1. e4 d6 2. d4 Nf6 3. Nc3 g6 4. f4 Bg7 5. Nf3 c6 6. e5 dxe5 7. fxe5 Nd5 8. Bc4
Bf5 9. O-O O-O 10. h3 h6 11. g4 Be6 12. Bd3 Nd7 13. Ne2 b5 14. c3 N7b6 15. Ng3
Qc8 16. Bc2 c5 17. a3 cxd4 18. cxd4 Nc4 19. Qd3 Nce3 20. Rf2 Nxc2 21. Rxc2 Qb7
22. Ne4 a6 23. Nc5 Qb6 24. Bd2 Rfd8 25. Qe4 Rac8 26. Qe1 Kh7 27. Ba5  1-0

[Event "LTU Wch 2021"]
[Site "Vilnius"]
[Date "2021.10.25"]
[Round "6"]
[Board "3"]
[White "Ravlusevic, Evelina"]
[Black "Sukyte, Kotryna"]
[Result "0-1"]
[WhiteElo "1717"]
[BlackElo "1422"]
[PlyCount "88"]
[EventDate "2021.10.22"]
[EventRounds "7"]
[EventCountry "LTU"]

1. e4 Nf6 2. e5 Nd5 3. d4 d6 4. Nf3 g6 5. Bc4 Nb6 6. Bb3 Bg7 7. Ng5 d5 8. Qf3
O-O 9. Nc3 c6 10. h4 f6 11. exf6 exf6 12. Nh3 Re8+ 13. Be3 a5 14. a4 Na6 15.
O-O-O h5 16. Qg3 Bg4 17. Rde1 Qc7 18. Bf4 Qf7 19. Ne4 Nc8 20. f3 Be6 21. Nd2 c5
22. dxc5 Nxc5 23. Be3 Nxb3+ 24. Nxb3 Ne7 25. Nd4 Nf5 26. Nxf5 Bxf5 27. Bd4 Rac8
28. c3 Bh6+ 29. Kd1 Qd7 30. b3 b5 31. Rxe8+ Rxe8 32. Re1 bxa4 33. Rxe8+ Qxe8
34. Qd6 axb3 35. Qxd5+ Qe6 36. Qd8+ Kf7 37. Qc7+ Qe7 38. Qc4+ Be6 39. Qb5 Bf5
40. Qd5+ Be6 41. Qb5 Kg7 42. Nf2 Qd7 43. Qxa5 Be3 44. Qa7 Qxa7  0-1

[Event "LTU Wch 2021"]
[Site "Vilnius"]
[Date "2021.10.25"]
[Round "6"]
[Board "4"]
[White "Plutaite, Ausra"]
[Black "Maciuityte, Greta"]
[Result "1-0"]
[WhiteElo "1472"]
[BlackElo "1770"]
[PlyCount "139"]
[EventDate "2021.10.22"]
[EventRounds "7"]
[EventCountry "LTU"]

1. e4 d5 2. exd5 Nf6 3. d4 Nxd5 4. Nf3 Bg4 5. Be2 Nc6 6. h3 Bf5 7. O-O Ndb4 8.
Na3 e6 9. c3 Nd5 10. Nc4 Bd6 11. Bg5 f6 12. Bh4 Nf4 13. Bg3 Nxe2+ 14. Qxe2 Bxg3
15. fxg3 Qd7 16. g4 Bg6 17. d5 Qxd5 18. Rad1 Qc5+ 19. Kh1 O-O 20. Rd7 b5 21.
Ncd2 Bf7 22. Rxc7 Qd6 23. Rb7 a6 24. Ne4 Qd5 25. Rd1 Nd4 26. Rxd4 Qxb7 27. Qd3
e5 28. Rd7 Qc6 29. Rd6 Qc4 30. Qd2 Bg6 31. Ng3 Qxa2 32. g5 fxg5 33. Nxe5 Rf6
34. Rd7 Qe6 35. Ng4 Rf4 36. Rd6 Qe8 37. Qd5+ Kh8 38. Qxg5 Rf8 39. Ne5 Rf6 40.
Rxf6 gxf6 41. Qxf6+ Kg8 42. Ng4 Qf8 43. Qe5 Rd8 44. Nf6+ Kf7 45. Nge4 Bxe4 46.
Nxe4 Kg8 47. Nf6+ Kh8 48. Ne8+ Kg8 49. Qg5+ Kh8 50. Qxd8 Qf1+ 51. Kh2 Qf4+ 52.
Kg1 Qc1+ 53. Kh2 Qf4+ 54. Kg1 Qc1+ 55. Kf2 Qxb2+ 56. Ke3 Qxc3+ 57. Ke4 Qe1+ 58.
Kf5 Qf2+ 59. Ke6 Qe2+ 60. Kd7 Qd3+ 61. Nd6+ Kg7 62. Qg5+ Qg6 63. Qe7+ Kg8 64.
Qd8+ Kg7 65. g4 Qd3 66. h4 Qd5 67. Qe7+ Kg8 68. h5 Qf3 69. Qe6+ Kf8 70. h6  1-0

[Event "LTU Wch 2021"]
[Site "Vilnius"]
[Date "2021.10.25"]
[Round "6"]
[Board "5"]
[White "Rauckyte, Kamile"]
[Black "Maciulaityte, Barbora"]
[Result "1/2-1/2"]
[WhiteElo "1398"]
[BlackElo "1508"]
[PlyCount "95"]
[EventDate "2021.10.22"]
[EventRounds "7"]
[EventCountry "LTU"]

1. d4 d5 2. Nf3 Nf6 3. c4 g6 4. e3 Bg7 5. Nc3 O-O 6. Be2 c5 7. dxc5 Qa5 8. O-O
dxc4 9. Bxc4 Qxc5 10. Qb3 Nc6 11. Na4 Qa5 12. Bd2 Qc7 13. h3 Ne4 14. Rac1 Nxd2
15. Nxd2 Qa5 16. Nc3 e6 17. Nf3 a6 18. Rfd1 Rd8 19. Be2 Rxd1+ 20. Rxd1 Qc7 21.
Qc2 Bd7 22. Ne4 Rd8 23. Nd4 e5 24. Nf3 Be6 25. Rxd8+ Qxd8 26. a3 Qb6 27. Nc5
Bf5 28. e4 Bc8 29. Nb3 Be6 30. Bc4 Bxc4 31. Qxc4 h6 32. Kh2 Qxf2 33. Qc1 Qb6
34. Nc5 Nd4 35. Nd3 Nxf3+ 36. gxf3 Qb3 37. Qc3 Qxc3 38. bxc3 Kf8 39. Nc5 b6 40.
Nxa6 Ke7 41. Kg2 Kd7 42. Kf2 Kc6 43. Ke2 Bf8 44. Nb4+ Kb5 45. Kd3 Bxb4 46. axb4
g5 47. Kc2 Kc4 48. Kd2  1/2-1/2

[Event "LTU Wch 2021"]
[Site "Vilnius"]
[Date "2021.10.25"]
[Round "6"]
[Board "6"]
[White "Bajoraite, Rita"]
[Black "Ratkeviciute, Laurinta"]
[Result "1-0"]
[WhiteElo "1765"]
[BlackElo "1184"]
[PlyCount "57"]
[EventDate "2021.10.22"]
[EventRounds "7"]
[EventCountry "LTU"]

1. d4 d5 2. c4 e6 3. e3 Nf6 4. Nf3 c5 5. a3 Nc6 6. Nc3 dxc4 7. Bxc4 cxd4 8.
exd4 Be7 9. O-O O-O 10. Bg5 h6 11. Bh4 b6 12. Qd3 Bb7 13. Rad1 Qc7 14. Ba2 Rfd8
15. Bb1 g6 16. Bg3 Qc8 17. Qe3 Kh7 18. Rfe1 Nh5 19. Bh4 Bxh4 20. Nxh4 Qc7 21.
d5 exd5 22. Nxd5 Qc8 23. Qf3 Kg7 24. Nf5+ Kf8 25. Nxh6 f5 26. Bxf5 gxf5 27.
Qxh5 Rd7 28. Nxf5 Rf7 29. Qh8#  1-0

[Event "LTU Wch 2021"]
[Site "Vilnius"]
[Date "2021.10.26"]
[Round "7"]
[Board "1"]
[White "Sukyte, Kotryna"]
[Black "Simkunaite, Gabija"]
[Result "0-1"]
[WhiteElo "1422"]
[BlackElo "1948"]
[PlyCount "78"]
[EventDate "2021.10.22"]
[EventRounds "7"]
[EventCountry "LTU"]

1. e4 c6 2. d4 d5 3. exd5 cxd5 4. Bd3 Nc6 5. c3 Nf6 6. Bf4 g6 7. Nf3 Bg7 8. O-O
O-O 9. Nbd2 Re8 10. Re1 Nh5 11. Bg3 Nxg3 12. hxg3 a6 13. Ne5 f6 14. Nxg6 hxg6
15. Bxg6 e6 16. Qh5 Re7 17. f4 Bd7 18. Nf3 Be8 19. Qh7+ Kf8 20. Nh4 Bf7 21. Kf2
Qb6 22. b3 Rc8 23. Rad1 Qa5 24. Bxf7 Kxf7 25. Qh5+ Kg8 26. Ng6 Ree8 27. Rh1 Ne7
28. Qh7+ Kf7 29. Nxe7 Rxe7 30. Qb1 Qxc3 31. f5 Qc2+ 32. Qxc2 Rxc2+ 33. Kf3 Rxa2
34. fxe6+ Rxe6 35. Rc1 Rb6 36. Rc3 Rb2 37. Rhc1 R2xb3 38. Kg4 Rxc3 39. Rxc3 Kg6
 0-1

[Event "LTU Wch 2021"]
[Site "Vilnius"]
[Date "2021.10.26"]
[Round "7"]
[Board "2"]
[White "Perminaite, Guoda"]
[Black "Sibajeva, Marija"]
[Result "1/2-1/2"]
[WhiteElo "1727"]
[BlackElo "1939"]
[PlyCount "102"]
[EventDate "2021.10.22"]
[EventRounds "7"]
[EventCountry "LTU"]

1. e4 d6 2. d4 Nf6 3. Nc3 e5 4. dxe5 dxe5 5. Qxd8+ Kxd8 6. Bc4 Be6 7. Bxe6 fxe6
8. Nf3 Nc6 9. Be3 Bd6 10. O-O-O Ke7 11. Rhe1 h6 12. h3 a6 13. a3 b5 14. Nd2
Rhb8 15. Ne2 a5 16. f4 a4 17. c3 exf4 18. Bxf4 e5 19. Be3 Na5 20. Ng3 Ke6 21.
Kc2 Nd7 22. Nf5 Bf8 23. Nf3 Nf6 24. g4 Nc4 25. Bf2 g6 26. Ng3 c5 27. g5 Nd7 28.
gxh6 Bxh6 29. Rd3 b4 30. cxb4 cxb4 31. Rb1 bxa3 32. bxa3 Rxb1 33. Kxb1 Rb8+ 34.
Ka1 Bc1 35. Ne2 Bxa3 36. Ng5+ Ke7 37. Nc3 Bb2+ 38. Ka2 Bxc3 39. Rxc3 Rb2+ 40.
Ka1 Rxf2 41. Rxc4 Rg2 42. h4 Rg4 43. Rc6 Rxh4 44. Re6+ Kd8 45. Rxg6 Kc8 46.
Rc6+ Kb7 47. Rc4 a3 48. Ka2 Rg4 49. Nf7 Rg3 50. Ra4 Rf3 51. Ng5 Rg3  1/2-1/2

[Event "LTU Wch 2021"]
[Site "Vilnius"]
[Date "2021.10.26"]
[Round "7"]
[Board "3"]
[White "Baliuniene, Margarita"]
[Black "Ravlusevic, Evelina"]
[Result "1-0"]
[WhiteElo "1924"]
[BlackElo "1717"]
[PlyCount "85"]
[EventDate "2021.10.22"]
[EventRounds "7"]
[EventCountry "LTU"]

1. Nf3 d5 2. d4 Nf6 3. g3 c6 4. Bg2 Bf5 5. O-O e6 6. Nbd2 h6 7. c4 Bd6 8. a3 a5
9. b3 O-O 10. Bb2 Nbd7 11. c5 Bc7 12. b4 axb4 13. axb4 Rxa1 14. Qxa1 Ne4 15.
Nb3 Qa8 16. e3 Qc8 17. Qa4 Re8 18. b5 Qa8 19. Qb4 b6 20. Ra1 Qb7 21. Bf1 bxc5
22. dxc5 cxb5 23. Nfd4 Ne5 24. Nxb5 Bb8 25. Bxe5 Bxe5 26. Ra7 Qb8 27. Qa4 Qc8
28. N5d4 Bg6 29. Ba6 Qd8 30. f4 Bxd4 31. exd4 Rf8 32. c6 Qb8 33. Bb7 Nd6 34.
Nc5 Qc7 35. Qa5 Qe7 36. Nd7 Rd8 37. Ra8 Re8 38. Rxe8+ Qxe8 39. Qc7 Nb5 40. Qb6
Nd6 41. Ne5 Kf8 42. c7 Ke7 43. Qb4  1-0

[Event "LTU Wch 2021"]
[Site "Vilnius"]
[Date "2021.10.26"]
[Round "7"]
[Board "4"]
[White "Plutaite, Ausra"]
[Black "Bajoraite, Rita"]
[Result "1/2-1/2"]
[WhiteElo "1472"]
[BlackElo "1765"]
[PlyCount "84"]
[EventDate "2021.10.22"]
[EventRounds "7"]
[EventCountry "LTU"]

1. e4 d6 2. d4 g6 3. Nc3 Bg7 4. Nge2 e5 5. Be3 Nd7 6. g3 exd4 7. Bxd4 Ne5 8.
Bg2 Nf6 9. O-O O-O 10. h3 Re8 11. g4 c5 12. Be3 a6 13. Qc1 Be6 14. Ng3 Qe7 15.
Bg5 Qc7 16. f4 Nexg4 17. hxg4 Nxg4 18. f5 Bd4+ 19. Kh1 Bc4 20. Rf4 Be3 21. Qd1
Bxf4 22. Qxg4 Bxg5 23. Qxg5 Qe7 24. Qg4 Kh8 25. Kh2 f6 26. Rh1 Bf7 27. Kg1 g5
28. Qh3 Bg8 29. Bf3 Qe5 30. Bh5 Re7 31. Nge2 g4 32. Qh4 Rg7 33. Bg6 Rd8 34. Nd5
Qxe4 35. Nxf6 Qe3+ 36. Kf1 g3 37. Nxg3 Qf3+ 38. Ke1 Re7+ 39. Kd2 Qf2+ 40. Kd1
Qf3+ 41. Kc1 Qe3+ 42. Kd1 Qf3+  1/2-1/2

[Event "LTU Wch 2021"]
[Site "Vilnius"]
[Date "2021.10.26"]
[Round "7"]
[Board "5"]
[White "Ratkeviciute, Laurinta"]
[Black "Perminaite, Simona"]
[Result "0-1"]
[WhiteElo "1184"]
[BlackElo "1497"]
[PlyCount "100"]
[EventDate "2021.10.22"]
[EventRounds "7"]
[EventCountry "LTU"]

1. e4 d6 2. d4 Nf6 3. Nc3 g6 4. Nf3 Bg7 5. h3 c6 6. Be3 Nbd7 7. Qd2 O-O 8. Bh6
b5 9. Bxg7 Kxg7 10. a3 Qc7 11. Be2 a6 12. O-O Bb7 13. Rfe1 e5 14. dxe5 dxe5 15.
Nh2 Nc5 16. Bf3 Ne6 17. Ng4 Nxg4 18. Bxg4 Rad8 19. Qe3 Nd4 20. Rac1 Rfe8 21.
Ne2 c5 22. c3 Nb3 23. Rcd1 c4 24. Ng3 Qe7 25. Rxd8 Rxd8 26. Rd1 Rxd1+ 27. Bxd1
Nc5 28. Bc2 Qd6 29. f3 Bc8 30. Qe2 Ne6 31. Qd1 Qb6+ 32. Kh2 Nf4 33. Ne2 Nxh3
34. Ng1 Nxg1 35. Qxg1 Qxg1+ 36. Kxg1 f5 37. exf5 gxf5 38. Kf2 Kf6 39. g4 h6 40.
Kg3 Kg5 41. gxf5 Bxf5 42. Bd1 Bd3 43. a4 h5 44. axb5 axb5 45. b3 h4+ 46. Kf2
Kf4 47. b4 h3 48. Kg1 Kg3 49. Kh1 Bf1 50. Kg1 Bg2  0-1

[Event "LTU Wch 2021"]
[Site "Vilnius"]
[Date "2021.10.26"]
[Round "7"]
[Board "6"]
[White "Maciuityte, Greta"]
[Black "Rauckyte, Kamile"]
[Result "0-1"]
[WhiteElo "1770"]
[BlackElo "1398"]
[PlyCount "98"]
[EventDate "2021.10.22"]
[EventRounds "7"]
[EventCountry "LTU"]

1. e4 e5 2. Nf3 Nc6 3. d4 exd4 4. Bc4 Bc5 5. c3 d3 6. Ng5 Nh6 7. Bxf7+ Nxf7 8.
Nxf7 Qf6 9. O-O Qxf7 10. b4 Bb6 11. Kh1 O-O 12. f4 d5 13. exd5 Qxd5 14. a4 a5
15. b5 Re8 16. c4 Qxc4 17. bxc6 Re2 18. Nd2 Qxc6 19. Nf3 Qg6 20. Nh4 Qe4 21.
Ba3 Bh3 22. Qb3+ Kh8 23. Rg1 Bxg1 24. Rxg1 Re8 25. Qc3 Re1 26. Bc5 Bg4 27. Bd4
Rxg1+ 28. Bxg1 Qe2 29. f5 Qe5 30. Qxd3 Rf8 31. Qa3 Qf6 32. Bd4 Rd8 33. h3 Qxd4
34. hxg4 Qxg4 35. Qe7 Rd1+ 36. Kh2 Qf4+ 37. g3 Qd2+ 38. Ng2 Qd8 39. Qe4 b6 40.
Nh4 Rd4 41. Qf3 Rd2+ 42. Kh3 Rd6 43. Qe4 Rd4 44. Qc6 Rd6 45. Qe4 c6 46. Nf3 c5
47. Ne5 Rh6+ 48. Kg4 Rf6 49. Nd7 h5+  0-1